Game of Thrones - Test of the Maester - Statistics

General Stats
  • This quiz has been taken 463 times
  • The average score is 31 of 62
Answer Stats
Question Hint Answer % Correct
Jon's Ghost
98%
Sansa's Lady
97%
Arya's Nymeria
95%
Rickon's Shaggy Dog
90%
Bran's Summer
90%
What are the names given to the (6) Direwolf pups found by the Starks? Robb's Grey Wind
86%
Who does Jon Snow kill in order to disguise his loyalty to the Wildlings? Qhorin Halfhand
74%
Name the castle of the ruling seat of each of the Seven Kingdoms. The North Winterfell
73%
Who does Brienne of Tarth defeat in order to ask King Renly to join his Kingsguard? Loras Tyrell
71%
Arya visits here Braavos
70%
Name (5) Valyrian Steel weapons shown in the shown (must be specifc name). Ned's Ice
69%
Name (5) Night's Watch Castles mentioned on the show. Main location for Night's Watch Castle Black
68%
The Westerlands Casterly Rock
67%
Mother
66%
Name the (3) northern houses that support Jon Snow during the Battle of the Bastards. Mormont
65%
The Reach Highgarden
64%
The Stormlands Storm's End
64%
The Vale The Eyrie
64%
Name the (7) gods related to the Faith of the Seven (New Gods). Father
63%
Who was responsible for poisoning Jon Arryn? Lysa Arryn
63%
Brienne's Oathkeeper
63%
Daenerys is here most of Season 2 Qarth
63%
Dorne Sunspear
62%
The Riverlands Riverrun
59%
Slave City #3 Meereen
58%
Jon's Longclaw
57%
Name the (8) cities in Essos visited on the show. Daenerys starts here Pentos
57%
Uses two swords Ser Arthur Dayne
56%
Who does Ned dispatch on a mission to bring Ser Gregor Clegane to justice? Dis"patch" Beric Dondarrion
55%
How many men did Robb Stark sacrifice in order to ambush/capture Jaime Lannister at the Whispering Wood? 2,000
54%
Slave City #1 Astapor
54%
Warrior
53%
Joffrey/Jaime's Widow's Wail
52%
Smith
51%
Viserys dies here Vaes Dothrak
51%
Slave City #2 Yunkai
50%
Who does Jon leave in charge of the Wall when he goes down to Castle Black to fight the Wildlings? Dolorous Edd
48%
Stranger
47%
What does Valar Dohaeris translate to? All Men Must Serve
45%
Visited by Jon before he goes North of the Wall with Jorah, The Hound, Gendry, Beric. Eastwatch-by-the-Sea
45%
What is the name of the ruling council in Qarth? The Thirteen
45%
Who is the man who cut off Jaime Lannister's hand? Works for the Boltons Locke
44%
Crone
42%
Tyrion is kidnapped here Volantis
42%
Maiden
41%
Who gifts Daenerys the three dragon eggs? Illyrio Mopatis
39%
Sam's Heartsbane
36%
Who were the (3) names Arya named to Jaqen H'ghar at Harrenhal? Tortures prisoners Tickler
35%
Jaqen H'ghar
31%
What is the name of the Kingsguard that Podrick Payne kills during the Battle of the Blackwater? Ser Mandon Moore
31%
What is the name of the witch who prophesizes Cersei's future? Maggy the Frog
30%
Lead by Ser Denys Mallister Shadow Tower
28%
What was the name of the poison used to kill Joffrey? Strangler
25%
Bran runs into Sam at this castle before heading North of the Wall Nightfort
17%
Name the (2) Kingsguard Ned must defeat to get to his sister at the Tower of Joy. Ser Gerald Hightower
17%
Hornwood
14%
Jon send Janos Slynt to this castle, but he refuses Greyguard
13%
Ser Armory Lorch
12%
What does Oberyn Martell coat his spear with during Tyrion's Trial by Combat? Manticore Venom
7%
How old was the daughter of the farmer who Drogon killed? 3 Years Old
5%
What does Tyrion use as an offering to persuade the Mountain Clans to join his cause? Gold Lion Ring
3%
Mazin
3%
No matching quizzes found
Score Distribution
Percent of People with Each Score
Percentile by Number Answered
Your Score History
You have not taken this quiz